The flying hart : stories /

Salvato in:
Dettagli Bibliografici
Autore principale: Macquet, Claire (Autore)
Natura: Libro
Lingua:inglese
Pubblicazione: London : Sheba Feminist Publishers, 1991
Tags: Aggiungi Tag
Nessun Tag, puoi essere il primo ad aggiungerne!!

MARC

LEADER 00000nam a22000007i 4500
001 IT\ICCU\UBO\2295360
003 ItRI
005 20260115231826.0
008 030918s1991 xxk|||||| ||||| |||||c
020 |a 090717955X 
040 |b ita  |c importazione bologna sebina 
041 7 |a eng  |2 ISO-639-2 
100 1 |a Macquet, Claire  |0 IT\ICCU\UBOV\830071  |4 aut 
245 1 4 |a The flying hart :  |b stories /  |c by Claire Macquet. 
260 |a London :  |b Sheba Feminist Publishers,  |c 1991 
300 |a 151 p. ;  |c 20 cm. 
942 |2 ddc  |c BK  |n 0 
952 |0 0  |1 0  |4 0  |6 L_823_914000000000000_MAC  |7 0  |9 13631  |a BO  |b BO  |d 2026-01-15  |i 2730  |l 0  |o L 823.914 MAC  |p BO2730  |r 2026-01-15 23:18:26  |w 2026-01-15  |x [Sebina 5] [1 v.]  |y BK  |z 1 v. 
999 |c 11725  |d 11725